| 000 | 00510nam a2200169Ia 4500 | ||
|---|---|---|---|
| 999 |
_c21259 _d21259 |
||
| 003 | OSt | ||
| 005 | 20200605102705.0 | ||
| 008 | 190216s9999||||xx |||||||||||||| ||und|| | ||
| 020 | _a9788125034308 | ||
| 040 | _coclc | ||
| 082 |
_a325.3 _bGAN/C |
||
| 100 |
_aGanguly, Debjani _92506 |
||
| 245 | 0 |
_aCast And Dalit Lifeworlds Postcolonial Perspectives / _cDebjani Ganguly |
|
| 260 |
_bOrient Longman, _aHyderbad: _c2005. |
||
| 300 | _a287p | ||
| 942 |
_cBK _2ddc _h325.3 _iGAN/C _k325.3 _mGAN/C |
||